Ганнибал. Подземный гром: романы: пер. с англ.

Dades bibliogràfiques
Autor principal: Линдсей Дж. Джек
Idioma:rus
Publicat: Москва, Правда, 1989
Matèries:
Format: MixedMaterials Llibre
KOHA link:https://koha.lib.tpu.ru/cgi-bin/koha/opac-detail.pl?biblionumber=88727

MARC

LEADER 00000nam0a2200000 4500
001 88727
005 20231031102732.0
010 |a 5237011934 
035 |a (RuTPU)RU\TPU\book\95211 
035 |a RU\TPU\book\59645 
090 |a 88727 
100 |a 20051229d1989 m y0rusy50 ca 
101 1 |a rus  |c eng 
102 |a RU 
105 |a y z 000ay 
200 1 |a Ганнибал. Подземный гром  |e романы: пер. с англ.  |f Дж. Линдсей 
210 |a Москва  |c Правда  |d 1989 
215 |a 752 с. 
610 1 |a английская литература 
610 1 |a романы 
675 |a 82  |v 3 
700 1 |a Линдсей  |b Дж.  |g Джек 
801 1 |a RU  |b 63413507  |c 20031010  |g PSBO 
801 2 |a RU  |b 63413507  |c 20071227  |g PSBO 
942 |c BK